| 000 | 00772nam a22002177a 4500 | ||
|---|---|---|---|
| 003 | OSt | ||
| 005 | 20160610140026.0 | ||
| 008 | 131001t xxu||||| |||| 00| 0 eng d | ||
| 020 | _a9780871203885 | ||
| 050 |
_aLC 311 _b.C63 2000 |
||
| 082 |
_aGLT 371.8 _bC76 2000 |
||
| 100 |
_aStein, Rita _922431 |
||
| 245 |
_aConnecting character to conduct : helping students do the right things / _cRita Prager Stein. |
||
| 260 |
_aAlexandria, Va : _bAssociation for Supervision and Curriculum Development, _c2000. |
||
| 300 |
_a135 p. : _c23 cm. |
||
| 650 |
_aCharacter _xStudy and teaching _xUnited States. _922432 |
||
| 650 |
_aStudents _xUnited States _xConduct of life. _922433 |
||
| 650 |
_aCurriculum planning _xUnited States. _922434 |
||
| 942 |
_2lcc _cBK |
||
| 999 |
_c12520 _d12520 |
||